000 00659nam a2200181 4500
001 4712
005 20181127173953.0
090 0 0 _aPOL.SCI CAP No.2
245 0 0 _aFootball and professionalism in Bhutan /
_b
_cStudent Work.
_h
260 0 0 _a[Thimphu] :
_b[Royal Thimphu College],
_c2015.
300 _a27 leaves.
_b
_c
_e
500 _aStudent research project for BA, Political Science(Capstone Project):(2015): DOlma Roder, lecturer.
500 0 0 _aSpiral-bound xerographic copy.
650 _aBhutan football players.
_v
_x
_y
_z
_2
650 _aCapstone Project.
_v
_x
_y
_z
_2
650 _aFootball --Coaching.
_v
_x
_y
_z
_2
650 _aFootball players
_v
_x
_y
_zBhutan.
_2
999 _c3914
_d3914